[Event "ODJM C 2024"]
[Site "Willingen GER"]
[Date "2024.05.23"]
[Round "7"]
[White "Trunz, Daniel"]
[Black "Buntin, Amelia Bernadette"]
[Result "1-0"]
[Termination "normal"]
[Board "30"]
[WhiteElo "1458"]
[BlackElo "1096"]
[WhiteClock "00:56:22"]
[BlackClock "01:20:18"]
[PlyCount "61"]
[WhiteFideId "34640797"]
[BlackFideId "34649581"]
[EventCountry "GER"]
[EventRounds "9"]
[EventType "swiss"]
[EventDate "2024.05.18"]

1. e4 {[%clk 01:30:55]} {[%emt 00:00:04]} d6 {[%clk 01:30:55]} {[%emt
00:00:06]} 2. d4 {[%clk 01:30:41]} {[%emt 00:00:43]} Nf6 {[%clk 01:31:14]}
{[%emt 00:00:09]} 3. Nc3 {[%clk 01:29:57]} {[%emt 00:01:15]} g6 {[%clk
01:31:07]} {[%emt 00:00:38]} 4. Bd3 {[%clk 01:29:34]} {[%emt 00:00:53]} Bg7
{[%clk 01:31:26]} {[%emt 00:00:10]} 5. e5 {[%clk 01:29:32]} {[%emt 00:00:33]}
dxe5 {[%clk 01:30:36]} {[%emt 00:01:20]} 6. dxe5 {[%clk 01:29:49]} {[%emt
00:00:13]} Ng4 {[%clk 01:30:51]} {[%emt 00:00:14]} 7. h3 {[%clk 01:29:47]}
{[%emt 00:00:32]} Nxe5 {[%clk 01:31:06]} {[%emt 00:00:17]} 8. Bf4 {[%clk
01:28:10]} {[%emt 00:02:06]} Nxd3+ {[%clk 01:31:19]} {[%emt 00:00:16]} 9. cxd3
{[%clk 01:28:30]} {[%emt 00:00:11]} O-O {[%clk 01:31:29]} {[%emt 00:00:17]} 10.
Nf3 {[%clk 01:27:58]} {[%emt 00:01:05]} Bf5 {[%clk 01:31:26]} {[%emt 00:00:33]}
11. d4 {[%clk 01:28:00]} {[%emt 00:00:29]} Nd7 {[%clk 01:31:22]} {[%emt
00:00:34]} 12. O-O {[%clk 01:27:26]} {[%emt 00:01:03]} Re8 {[%clk 01:29:54]}
{[%emt 00:01:58]} 13. Ng5 {[%clk 01:26:14]} {[%emt 00:01:42]} e5 {[%clk
01:28:51]} {[%emt 00:01:34]} 14. dxe5 {[%clk 01:21:42]} {[%emt 00:05:02]} Bxe5
{[%clk 01:28:34]} {[%emt 00:00:46]} 15. Bxe5 {[%clk 01:16:33]} {[%emt
00:05:38]} Qxg5 {[%clk 01:28:46]} {[%emt 00:00:17]} 16. Bg3 {[%clk 01:15:59]}
{[%emt 00:01:06]} Nf6 {[%clk 01:28:47]} {[%emt 00:00:30]} 17. h4 {[%clk
01:15:00]} {[%emt 00:01:29]} Qh6 {[%clk 01:27:54]} {[%emt 00:01:23]} 18. Nb5
{[%clk 01:14:49]} {[%emt 00:00:41]} Rad8 {[%emt 00:00:18]} 19. Qa4 {[%emt
00:02:44]} c6 {[%clk 01:24:53]} {[%emt 00:00:29]} 20. Nd6 {[%clk 01:13:05]}
{[%emt 00:02:14]} Re2 {[%clk 01:24:24]} {[%emt 00:00:58]} 21. Qc4 {[%clk
01:12:05]} {[%emt 00:01:30]} Re7 {[%clk 01:24:17]} {[%emt 00:00:36]} 22. Rad1
{[%clk 01:11:35]} {[%emt 00:01:00]} Be6 {[%clk 01:24:17]} {[%emt 00:00:30]} 23.
Qe2 {[%clk 01:08:43]} {[%emt 00:03:24]} Rdd7 {[%clk 01:22:44]} {[%emt
00:02:02]} 24. Qc2 {[%clk 01:00:16]} {[%emt 00:08:57]} Bxa2 {[%clk 01:22:13]}
{[%emt 00:01:01]} 25. b3 {[%clk 01:00:06]} {[%emt 00:00:40]} Bxb3 {[%clk
01:21:47]} {[%emt 00:00:56]} 26. Qxb3 {[%clk 01:00:22]} {[%emt 00:00:14]} Rc7
{[%clk 01:21:30]} {[%emt 00:00:47]} 27. Nxf7 {[%clk 00:59:15]} {[%emt
00:01:36]} Rxf7 {[%clk 01:21:16]} {[%emt 00:00:44]} 28. Bxc7 {[%clk 00:59:21]}
{[%emt 00:00:25]} Qxh4 {[%clk 01:20:27]} {[%emt 00:01:20]} 29. Be5 {[%clk
00:56:51]} {[%emt 00:03:16]} Ng4 {[%clk 01:20:33]} {[%emt 00:00:24]} 30. Bg3
{[%clk 00:56:22]} {[%emt 00:01:00]} Qh5 {[%clk 01:20:18]} {[%emt 00:00:43]} 31.
Rd7 {[%emt 00:04:23]} 1-0

[Event "ODJM C 2024"]
[Site "Willingen GER"]
[Date "2024.05.23"]
[Round "7"]
[White "Giss, Annika"]
[Black "Berger, Jennifer"]
[Result "0-1"]
[Termination "normal"]
[Board "31"]
[WhiteElo "1642"]
[BlackElo "1462"]
[WhiteClock "01:14:53"]
[BlackClock "01:09:24"]
[PlyCount "84"]
[WhiteFideId "34673148"]
[BlackFideId "34630074"]
[EventCountry "GER"]
[EventRounds "9"]
[EventType "swiss"]
[EventDate "2024.05.18"]

1. e4 {[%clk 01:30:59]} {[%emt 02:33:46]} e5 {[%clk 01:30:52]} {[%emt
00:00:09]} 2. Nf3 {[%clk 01:31:24]} {[%emt 00:00:04]} Nc6 {[%clk 01:31:15]}
{[%emt 00:00:06]} 3. Bc4 {[%clk 01:31:49]} {[%emt 00:00:06]} Bc5 {[%clk
01:31:32]} {[%emt 00:00:13]} 4. c3 {[%clk 01:32:14]} {[%emt 00:00:05]} Nf6
{[%clk 01:31:48]} {[%emt 00:00:14]} 5. d4 {[%clk 01:32:37]} {[%emt 00:00:07]}
exd4 {[%clk 01:31:56]} {[%emt 00:00:22]} 6. O-O {[%clk 01:33:01]} {[%emt
00:00:07]} O-O {[%clk 01:32:19]} {[%emt 00:00:06]} 7. cxd4 {[%clk 01:33:25]}
{[%emt 00:00:06]} Bb6 {[%clk 01:32:40]} {[%emt 00:00:10]} 8. d5 {[%clk
01:33:48]} {[%emt 00:00:07]} Ne7 {[%clk 01:32:54]} {[%emt 00:00:16]} 9. e5
{[%clk 01:34:09]} {[%emt 00:00:10]} Ne4 {[%clk 01:32:10]} {[%emt 00:01:13]} 10.
Be3 {[%clk 01:33:17]} {[%emt 00:01:22]} Ng6 {[%clk 01:31:42]} {[%emt 00:00:59]}
11. Re1 {[%clk 01:30:36]} {[%emt 00:03:10]} Ba5 {[%clk 01:29:21]} {[%emt
00:02:51]} 12. Re2 {[%clk 01:29:49]} {[%emt 00:01:16]} h6 {[%clk 01:29:08]}
{[%emt 00:00:44]} 13. a3 {[%clk 01:26:03]} {[%emt 00:04:16]} Ng5 {[%clk
01:28:26]} {[%emt 00:01:11]} 14. Nxg5 {[%clk 01:23:54]} {[%emt 00:02:38]} hxg5
{[%clk 01:26:34]} {[%emt 00:02:23]} 15. Bd4 {[%clk 01:23:05]} {[%emt 00:01:19]}
Re8 {[%clk 01:25:19]} {[%emt 00:01:45]} 16. Nc3 {[%clk 01:21:22]} {[%emt
00:02:14]} Bb6 {[%clk 01:22:56]} {[%emt 00:02:54]} 17. Qd3 {[%clk 01:20:18]}
{[%emt 00:01:33]} Nf4 {[%clk 01:21:02]} {[%emt 00:02:24]} 18. Qd2 {[%clk
01:19:32]} {[%emt 00:01:17]} Nxe2+ {[%clk 01:21:02]} {[%emt 00:00:29]} 19. Bxe2
{[%clk 01:19:38]} {[%emt 00:00:24]} Bxd4 {[%clk 01:20:36]} {[%emt 00:00:57]}
20. Qxd4 {[%clk 01:19:46]} {[%emt 00:00:22]} d6 {[%clk 01:19:33]} {[%emt
00:01:33]} 21. exd6 {[%clk 01:19:22]} {[%emt 00:00:53]} Qxd6 {[%clk 01:17:46]}
{[%emt 00:02:18]} 22. Re1 {[%clk 01:18:25]} {[%emt 00:01:27]} Qb6 {[%clk
01:14:15]} {[%emt 00:04:01]} 23. Qxb6 {[%clk 01:18:04]} {[%emt 00:00:51]} axb6
{[%clk 01:14:17]} {[%emt 00:00:28]} 24. Nb5 {[%clk 01:18:15]} {[%emt 00:00:19]}
Re7 {[%clk 01:13:39]} {[%emt 00:01:07]} 25. Kf1 {[%clk 01:17:57]} {[%emt
00:00:49]} Bf5 {[%clk 01:11:56]} {[%emt 00:04:08]} 26. d6 {[%clk 01:16:40]}
{[%emt 00:00:52]} cxd6 {[%clk 01:09:34]} {[%emt 00:02:52]} 27. Nxd6 {[%clk
01:16:45]} {[%emt 00:00:24]} Bg6 {[%clk 01:09:11]} {[%emt 00:00:54]} 28. Bc4
{[%clk 01:16:13]} {[%emt 00:01:02]} Rxe1+ {[%clk 01:09:12]} {[%emt 00:00:29]}
29. Kxe1 {[%clk 01:16:32]} {[%emt 00:00:11]} Rf8 {[%clk 01:08:03]} {[%emt
00:01:39]} 30. Nxb7 {[%clk 01:16:29]} {[%emt 00:00:33]} Be4 {[%clk 01:08:10]}
{[%emt 00:00:22]} 31. Nd6 {[%clk 01:16:49]} {[%emt 00:00:11]} Bxg2 {[%clk
01:08:28]} {[%emt 00:00:12]} 32. Bd3 {[%clk 01:12:45]} {[%emt 00:04:35]} Rd8
{[%clk 01:08:20]} {[%emt 00:00:38]} 33. Be4 {[%clk 01:12:55]} {[%emt 00:00:20]}
Bxe4 {[%clk 01:08:35]} {[%emt 00:00:15]} 34. Nxe4 {[%clk 01:13:18]} {[%emt
00:00:07]} Re8 {[%clk 01:09:01]} {[%emt 00:00:04]} 35. f3 {[%clk 01:13:22]}
{[%emt 00:00:25]} f5 {[%clk 01:09:12]} {[%emt 00:00:19]} 36. Kf2 {[%clk
01:13:18]} {[%emt 00:00:34]} fxe4 {[%clk 01:09:21]} {[%emt 00:00:21]} 37. fxe4
{[%clk 01:13:42]} {[%emt 00:00:06]} Rxe4 {[%clk 01:09:39]} {[%emt 00:00:13]}
38. h3 {[%clk 01:14:00]} {[%emt 00:00:12]} Kf7 {[%clk 01:09:17]} {[%emt
00:00:52]} 39. Kf3 {[%clk 01:14:13]} {[%emt 00:00:17]} Rf4+ {[%clk 01:08:18]}
{[%emt 00:01:29]} 40. Kg3 {[%clk 01:14:33]} {[%emt 00:00:09]} Ke6 {[%clk
01:08:39]} {[%emt 00:00:10]} 41. Kg2 {[%clk 01:14:55]} {[%emt 00:00:08]} Kd5
{[%clk 01:09:02]} {[%emt 00:00:08]} 42. Kg3 {[%clk 01:14:53]} {[%emt 00:00:31]}
Kc4 {[%clk 01:09:24]} {[%emt 00:00:08]} 0-1

[Event "ODJM C 2024"]
[Site "Willingen GER"]
[Date "2024.05.23"]
[Round "7"]
[White "Kraus, Jesper"]
[Black "Bharathula, Agasthya"]
[Result "0-1"]
[Termination "normal"]
[Board "33"]
[WhiteElo "999"]
[BlackElo "1142"]
[WhiteClock "00:02:31"]
[BlackClock "01:03:49"]
[PlyCount "148"]
[WhiteFideId "533001936"]
[BlackFideId "34641785"]
[EventCountry "GER"]
[EventRounds "9"]
[EventType "swiss"]
[EventDate "2024.05.18"]

1. e4 {[%clk 01:30:59]} d5 {[%clk 01:30:56]} {[%emt 00:00:05]} 2. exd5 {[%clk
01:24:15]} {[%emt 00:07:14]} Qxd5 {[%clk 01:30:58]} {[%emt 00:00:28]} 3. d3
{[%clk 01:24:16]} {[%emt 00:00:29]} Nf6 {[%clk 01:31:12]} {[%emt 00:00:16]} 4.
Nc3 {[%clk 01:24:05]} {[%emt 00:00:41]} Qd6 {[%clk 01:31:35]} {[%emt 00:00:07]}
5. Nf3 {[%clk 01:23:59]} {[%emt 00:00:36]} a6 {[%clk 01:31:55]} {[%emt
00:00:09]} 6. d4 {[%clk 01:23:32]} {[%emt 00:00:57]} b5 {[%clk 01:32:13]}
{[%emt 00:00:14]} 7. a4 {[%clk 01:22:29]} {[%emt 00:01:33]} b4 {[%clk
01:29:53]} {[%emt 00:02:50]} 8. Ne2 {[%clk 01:20:51]} {[%emt 00:02:08]} Bb7
{[%clk 01:30:15]} {[%emt 00:00:09]} 9. Ng3 {[%clk 01:17:51]} {[%emt 00:03:26]}
Nbd7 {[%clk 01:30:29]} {[%emt 00:00:19]} 10. Bd3 {[%emt 00:05:44]} e6 {[%clk
01:28:40]} {[%emt 00:02:17]} 11. O-O {[%clk 01:12:45]} {[%emt 00:00:23]} Be7
{[%clk 01:28:47]} {[%emt 00:00:23]} 12. Bf4 {[%clk 01:12:53]} {[%emt 00:00:21]}
Qxf4 {[%clk 01:28:45]} {[%emt 00:00:33]} 13. Qe2 {[%clk 01:08:40]} {[%emt
00:04:43]} Bxf3 {[%clk 01:28:49]} {[%emt 00:00:26]} 14. gxf3 {[%clk 01:07:40]}
{[%emt 00:01:02]} Qxd4 {[%clk 01:29:11]} 15. Bxa6 {[%clk 01:05:40]} {[%emt
00:03:06]} Qxb2 {[%clk 01:28:56]} {[%emt 00:00:45]} 16. Rfd1 {[%clk 00:59:07]}
{[%emt 00:07:02]} O-O {[%clk 01:28:56]} {[%emt 00:00:31]} 17. Bb5 {[%clk
00:47:59]} {[%emt 00:11:39]} h6 {[%clk 01:25:33]} {[%emt 00:03:53]} 18. Ne4
{[%clk 00:47:18]} {[%emt 00:01:07]} Nxe4 {[%clk 01:25:28]} {[%emt 00:00:38]}
19. Qxe4 {[%clk 00:46:30]} {[%emt 00:01:18]} Nc5 {[%clk 01:25:36]} {[%emt
00:00:23]} 20. Qc4 {[%clk 00:44:47]} {[%emt 00:02:12]} Qf6 {[%clk 01:25:20]}
{[%emt 00:00:46]} 21. a5 {[%clk 00:37:30]} {[%emt 00:07:47]} Qxf3 {[%clk
01:21:50]} {[%emt 00:04:00]} 22. Qxb4 {[%clk 00:34:42]} {[%emt 00:03:18]} Bd6
{[%clk 01:20:48]} {[%emt 00:01:33]} 23. Qc4 {[%clk 00:24:14]} {[%emt 00:10:57]}
Ne4 {[%clk 01:20:42]} {[%emt 00:00:36]} 24. Qe2 {[%clk 00:19:48]} {[%emt
00:04:55]} Qxe2 {[%clk 01:20:17]} {[%emt 00:00:56]} 25. Bxe2 {[%clk 00:19:40]}
{[%emt 00:00:37]} Nc3 {[%clk 01:20:33]} {[%emt 00:00:15]} 26. Rd2 {[%clk
00:19:12]} {[%emt 00:00:54]} Nxe2+ {[%clk 01:20:55]} {[%emt 00:00:12]} 27. Rxe2
{[%clk 00:19:27]} {[%emt 00:00:15]} Ra6 {[%clk 01:21:09]} {[%emt 00:00:17]} 28.
Re3 {[%clk 00:17:52]} {[%emt 00:02:01]} Rfa8 {[%clk 01:21:34]} {[%emt
00:00:08]} 29. Rb3 {[%clk 00:17:11]} {[%emt 00:01:10]} Rxa5 {[%clk 01:21:47]}
{[%emt 00:00:17]} 30. Rxa5 {[%clk 00:17:26]} {[%emt 00:00:15]} Rxa5 {[%clk
01:22:13]} {[%emt 00:00:04]} 31. Rb8+ {[%clk 00:16:50]} {[%emt 00:01:04]} Kh7
{[%clk 01:22:33]} {[%emt 00:00:12]} 32. Kg2 {[%clk 00:16:32]} {[%emt 00:00:47]}
Ra2 {[%clk 01:22:57]} {[%emt 00:00:07]} 33. c4 {[%clk 00:16:52]} {[%emt
00:00:10]} Rc2 {[%clk 01:23:18]} {[%emt 00:00:09]} 34. Rd8 {[%clk 00:16:24]}
{[%emt 00:00:57]} Rxc4 {[%clk 01:23:41]} {[%emt 00:00:08]} 35. Rd7 {[%clk
00:16:24]} {[%emt 00:00:30]} f6 {[%clk 01:23:56]} {[%emt 00:00:16]} 36. Rf7
{[%clk 00:14:49]} {[%emt 00:02:04]} Rd4 {[%clk 01:24:15]} {[%emt 00:00:12]} 37.
h3 {[%clk 00:12:07]} {[%emt 00:03:10]} c5 {[%clk 01:20:02]} {[%emt 00:04:43]}
38. Ra7 {[%clk 00:10:10]} {[%emt 00:02:28]} Rb4 {[%clk 01:16:24]} {[%emt
00:03:59]} 39. Ra1 {[%clk 00:08:02]} {[%emt 00:02:47]} c4 {[%clk 01:15:37]}
{[%emt 00:01:05]} 40. Rc1 {[%clk 00:08:26]} {[%emt 00:00:15]} Be5 {[%clk
01:11:30]} {[%emt 00:04:33]} 41. Rc2 {[%clk 00:07:55]} {[%emt 00:01:08]} c3
{[%clk 01:10:17]} {[%emt 00:01:38]} 42. Kf1 {[%clk 00:07:17]} {[%emt 00:01:14]}
Rb2 {[%clk 01:09:59]} {[%emt 00:00:40]} 43. Rxb2 {[%clk 00:07:04]} {[%emt
00:00:51]} cxb2 {[%clk 01:09:50]} {[%emt 00:00:38]} 44. Kg2 {[%clk 00:05:39]}
{[%emt 00:01:55]} Bg3 {[%clk 01:10:01]} {[%emt 00:00:20]} 45. Kxg3 {[%clk
00:05:40]} {[%emt 00:00:28]} g5 {[%clk 01:09:50]} {[%emt 00:00:34]} 46. Kg2
{[%clk 00:05:48]} {[%emt 00:00:29]} g4 {[%emt 00:00:13]} 47. hxg4 {[%emt
00:00:17]} h5 {[%clk 01:09:30]} {[%emt 00:00:14]} 48. gxh5 {[%clk 00:05:32]}
{[%emt 00:00:52]} Kh6 {[%clk 01:08:23]} {[%emt 00:01:38]} 49. f3 {[%clk
00:03:21]} {[%emt 00:02:41]} Kxh5 {[%clk 01:07:07]} {[%emt 00:01:34]} 50. Kh3
{[%clk 00:03:33]} {[%emt 00:00:29]} e5 {[%clk 01:06:49]} {[%emt 00:00:40]} 51.
Kg3 {[%clk 00:03:48]} {[%emt 00:00:23]} e4 {[%clk 01:06:48]} {[%emt 00:00:31]}
52. fxe4 {[%clk 00:03:50]} {[%emt 00:00:29]} Kg5 {[%clk 01:06:58]} {[%emt
00:00:13]} 53. Kf3 {[%clk 00:04:02]} {[%emt 00:00:24]} f5 {[%clk 01:07:12]}
{[%emt 00:00:17]} 54. exf5 {[%clk 00:03:35]} {[%emt 00:00:57]} Kxf5 {[%clk
01:07:24]} {[%emt 00:00:09]} 55. Ke3 {[%clk 00:03:45]} {[%emt 00:00:30]} Ke5
{[%clk 01:07:43]} {[%emt 00:00:11]} 56. Kd3 {[%clk 00:03:43]} {[%emt 00:00:31]}
b1=Q+ {[%clk 01:07:55]} {[%emt 00:00:18]} 57. Ke3 {[%clk 00:03:27]} {[%emt
00:00:45]} Qb6+ {[%clk 01:06:56]} {[%emt 00:01:30]} 58. Kd3 {[%clk 00:03:18]}
{[%emt 00:00:41]} Qd4+ {[%clk 01:06:55]} {[%emt 00:00:22]} 59. Kc2 {[%clk
00:02:33]} {[%emt 00:02:36]} Qh4 {[%clk 01:07:01]} {[%emt 00:00:24]} 60. Kd2
{[%clk 00:02:30]} {[%emt 00:00:32]} Qh3 {[%clk 01:07:13]} {[%emt 00:00:14]} 61.
Ke2 {[%clk 00:02:01]} {[%emt 00:01:06]} Qg3 {[%clk 01:06:09]} {[%emt 00:01:23]}
62. Kd2 {[%clk 00:02:10]} {[%emt 00:00:31]} Kd4 {[%clk 01:05:26]} {[%emt
00:01:02]} 63. Kc2 {[%clk 00:02:01]} {[%emt 00:00:50]} Qe3 {[%clk 01:05:29]}
{[%emt 00:00:17]} 64. Kd1 {[%clk 00:02:10]} {[%emt 00:00:31]} Qf2 {[%clk
01:05:45]} {[%emt 00:00:14]} 65. Kc1 {[%clk 00:02:24]} {[%emt 00:00:16]} Qa2
{[%clk 01:05:57]} {[%emt 00:00:14]} 66. Kd1 {[%clk 00:02:37]} {[%emt 00:00:21]}
Qb2 {[%clk 01:05:37]} {[%emt 00:00:44]} 67. Ke1 {[%clk 00:02:32]} {[%emt
00:00:42]} Qc2 {[%clk 01:05:50]} {[%emt 00:00:12]} 68. Kf1 {[%clk 00:02:51]}
{[%emt 00:00:16]} Qd2 {[%emt 00:00:07]} 69. Kg1 {[%emt 00:00:13]} Qe2 {[%clk
01:05:47]} {[%emt 00:00:08]} 70. Kh1 {[%clk 00:03:10]} {[%emt 00:00:16]} Qg4
{[%emt 00:00:24]} 71. Kh2 {[%emt 00:00:14]} Ke3 {[%clk 01:04:49]} {[%emt
00:00:44]} 72. Kh1 {[%clk 00:03:31]} {[%emt 00:00:15]} Kf2 {[%emt 00:00:13]}
73. Kh2 {[%emt 00:00:11]} Qg3 {[%clk 01:04:16]} {[%emt 00:00:39]} 74. Kh1
{[%clk 00:02:31]} {[%emt 00:01:30]} Qg2+ {[%clk 01:03:49]} {[%emt 00:00:27]}
0-1

[Event "ODJM C 2024"]
[Site "Willingen GER"]
[Date "2024.05.23"]
[Round "7"]
[White "Lohrmann, Flavia"]
[Black "Schwarzfischer, Ramona"]
[Result "0-1"]
[Termination "normal"]
[Board "34"]
[WhiteElo "1455"]
[BlackElo "974"]
[WhiteClock "01:03:41"]
[BlackClock "00:23:27"]
[PlyCount "130"]
[WhiteFideId "12982865"]
[BlackFideId "16268113"]
[EventCountry "GER"]
[EventRounds "9"]
[EventType "swiss"]
[EventDate "2024.05.18"]

1. e4 {[%clk 01:30:59]} {[%emt 00:00:58]} c6 {[%clk 01:30:55]} 2. Nf3 {[%clk
01:31:24]} d5 {[%clk 01:31:13]} 3. exd5 {[%clk 01:31:43]} cxd5 {[%clk
01:31:35]} 4. Ne5 {[%clk 01:31:56]} e6 {[%clk 01:30:37]} 5. d4 {[%clk
01:32:18]} a6 {[%clk 01:27:26]} 6. Bd3 {[%clk 01:30:37]} Nd7 {[%clk 01:26:23]}
7. Bf4 {[%clk 01:30:06]} Bd6 {[%clk 01:20:15]} 8. Qh5 {[%clk 01:29:22]} Nxe5
{[%clk 01:16:59]} 9. dxe5 {[%clk 01:27:30]} Bc5 {[%clk 01:12:19]} 10. Qg4
{[%clk 01:27:05]} Bf8 {[%clk 01:11:14]} 11. Nd2 {[%clk 01:26:02]} f6 {[%clk
01:08:33]} 12. Qh5+ {[%clk 01:23:55]} Kd7 {[%clk 01:06:52]} 13. O-O-O {[%clk
01:22:22]} Kc6 {[%clk 01:05:22]} 14. Nb3 {[%clk 01:20:32]} Ne7 {[%clk
01:02:41]} 15. Qf3 {[%clk 01:20:27]} g5 {[%clk 00:59:21]} 16. Bg3 {[%clk
01:20:11]} f5 {[%clk 00:58:58]} 17. h3 {[%clk 01:17:46]} Bh6 {[%clk 00:56:55]}
18. Kb1 {[%clk 01:17:35]} b6 {[%clk 00:51:24]} 19. Be2 {[%clk 01:17:13]} Kd7
{[%clk 00:50:18]} 20. Qc3 {[%clk 01:14:45]} Qc7 {[%clk 00:49:23]} 21. Qb4
{[%clk 01:12:43]} Nc6 {[%clk 00:47:46]} 22. Qc3 {[%clk 01:09:46]} f4 {[%clk
00:46:26]} 23. Bh2 {[%clk 01:09:40]} Qxe5 {[%clk 00:45:54]} 24. Qxe5 {[%clk
01:07:46]} Nxe5 {[%clk 00:45:40]} 25. Rhe1 {[%clk 01:07:26]} Kd6 {[%clk
00:41:21]} 26. f3 {[%clk 01:07:23]} b5 {[%clk 00:39:27]} 27. Bg1 {[%clk
01:07:19]} Bg7 {[%clk 00:37:42]} 28. Bd4 {[%clk 01:06:35]} Rg8 {[%clk
00:36:58]} 29. Bc3 {[%clk 01:03:16]} Nc4 {[%clk 00:36:26]} 30. Bb4+ {[%clk
01:01:08]} Kc7 {[%clk 00:33:31]} 31. c3 {[%clk 00:59:33]} Ne3 {[%clk 00:28:26]}
32. Rd2 {[%clk 00:58:10]} Bf8 {[%clk 00:25:45]} 33. Bd3 {[%clk 00:56:30]}
{[%emt 00:01:10]} Bxb4 {[%clk 00:24:26]} {[%emt 00:01:48]} 34. cxb4 {[%clk
00:56:34]} {[%emt 00:00:25]} Rg7 {[%clk 00:21:21]} {[%emt 00:03:35]} 35. Nd4
{[%clk 00:54:22]} {[%emt 00:02:43]} Kd6 {[%clk 00:20:23]} {[%emt 00:01:29]} 36.
Rc1 {[%clk 00:52:14]} {[%emt 00:02:36]} Bd7 {[%clk 00:19:05]} {[%emt 00:01:49]}
37. Rc3 {[%clk 00:46:36]} {[%emt 00:06:08]} Rc8 {[%clk 00:17:33]} {[%emt
00:02:02]} 38. Rb3 {[%clk 00:44:49]} {[%emt 00:02:16]} h5 {[%clk 00:15:35]}
{[%emt 00:02:28]} 39. Ra3 {[%clk 00:40:49]} {[%emt 00:04:30]} Ra8 {[%clk
00:15:09]} {[%emt 00:00:56]} 40. Nxb5+ {[%clk 00:39:39]} {[%emt 00:01:40]} Kc6
{[%clk 00:11:37]} {[%emt 00:04:02]} 41. Nd4+ {[%clk 00:39:22]} {[%emt
00:00:47]} Kb7 {[%clk 00:10:34]} {[%emt 00:01:33]} 42. b5 {[%clk 00:39:21]}
{[%emt 00:00:32]} a5 {[%clk 00:08:57]} {[%emt 00:02:07]} 43. b4 {[%clk
00:38:41]} {[%emt 00:01:10]} e5 {[%clk 00:08:43]} {[%emt 00:00:44]} 44. Nb3
{[%clk 00:37:54]} {[%emt 00:01:17]} axb4 {[%clk 00:06:40]} {[%emt 00:02:33]}
45. Nc5+ {[%clk 00:34:53]} {[%emt 00:03:31]} Kb8 {[%clk 00:06:42]} {[%emt
00:00:28]} 46. Na6+ {[%clk 00:35:11]} {[%emt 00:00:11]} Kc8 {[%clk 00:03:59]}
{[%emt 00:03:13]} 47. Ra4 {[%clk 00:35:26]} {[%emt 00:00:15]} Ra7 {[%clk
00:30:01]} {[%emt 00:04:28]} 48. Rxb4 {[%clk 01:04:38]} {[%emt 00:01:17]} Bf5
{[%clk 00:29:49]} {[%emt 00:00:43]} 49. Bxf5+ {[%clk 01:04:31]} {[%emt
00:00:37]} Nxf5 {[%clk 00:30:12]} {[%emt 00:00:06]} 50. Rxd5 {[%clk 01:04:57]}
{[%emt 00:00:04]} Ne3 {[%clk 00:29:13]} {[%emt 00:01:29]} 51. Rxe5 {[%clk
01:05:07]} {[%emt 00:00:21]} Nxg2 {[%clk 00:28:43]} {[%emt 00:01:00]} 52. Re8+
{[%clk 01:05:09]} {[%emt 00:00:28]} Kd7 {[%clk 00:28:33]} {[%emt 00:00:39]} 53.
Rh8 {[%clk 01:05:18]} {[%emt 00:00:21]} Nh4 {[%clk 00:28:31]} {[%emt 00:00:31]}
54. Rxh5 {[%clk 01:05:34]} {[%emt 00:00:14]} Nxf3 {[%clk 00:28:50]} {[%emt
00:00:11]} 55. Nc5+ {[%clk 01:05:50]} {[%emt 00:00:15]} Kd6 {[%clk 00:28:46]}
{[%emt 00:00:32]} 56. b6 {[%clk 01:05:52]} {[%emt 00:00:29]} Nd2+ {[%clk
00:28:57]} {[%emt 00:00:19]} 57. Kc2 {[%clk 01:06:02]} {[%emt 00:00:21]} Rxa2+
{[%clk 00:28:42]} {[%emt 00:00:45]} 58. Kc3 {[%clk 01:05:55]} {[%emt 00:00:37]}
Kxc5 {[%clk 00:25:26]} {[%emt 00:03:45]} 59. Rc4+ {[%clk 01:03:39]} {[%emt
00:02:46]} Nxc4 {[%clk 00:24:53]} {[%emt 00:01:03]} 60. Kb3 {[%clk 01:03:51]}
{[%emt 00:00:18]} Rb2+ {[%clk 00:25:13]} {[%emt 00:00:11]} 61. Kc3 {[%clk
01:02:48]} {[%emt 00:01:32]} Rxb6 {[%clk 00:25:23]} {[%emt 00:00:20]} 62. Rh8
{[%clk 01:03:15]} {[%emt 00:00:04]} Rc6 {[%clk 00:25:09]} {[%emt 00:00:44]} 63.
Rf8 {[%clk 01:03:28]} {[%emt 00:00:16]} Nd6 {[%clk 00:24:22]} {[%emt 00:01:17]}
64. Ra8 {[%clk 01:03:36]} {[%emt 00:00:23]} Rh7 {[%clk 00:23:54]} {[%emt
00:00:57]} 65. Ra5+ {[%clk 01:03:41]} {[%emt 00:00:25]} Kb6+ {[%clk 00:23:27]}
{[%emt 00:00:57]} 0-1

[Event "ODJM C 2024"]
[Site "Willingen GER"]
[Date "2024.05.23"]
[Round "7"]
[White "Muhl, Justinus"]
[Black "Hantke, Florian"]
[Result "0-1"]
[Termination "normal"]
[Board "35"]
[WhiteElo "928"]
[BlackElo "1106"]
[WhiteClock "00:02:46"]
[BlackClock "00:06:45"]
[PlyCount "34"]
[WhiteFideId "34635190"]
[BlackFideId "34638962"]
[EventCountry "GER"]
[EventRounds "9"]
[EventType "swiss"]
[EventDate "2024.05.18"]

1. e4 {[%clk 01:29:49]} {[%emt 00:01:11]} e5 {[%clk 01:29:29]} {[%emt
00:01:29]} 2. Nf3 {[%clk 01:29:03]} {[%emt 00:01:19]} Nc6 {[%clk 01:28:30]}
{[%emt 00:01:28]} 3. Bc4 {[%clk 01:28:17]} {[%emt 00:01:15]} Bc5 {[%clk
01:27:12]} {[%emt 00:01:45]} 4. c3 {[%clk 01:27:10]} {[%emt 00:01:41]} Nf6
{[%clk 01:24:34]} {[%emt 00:03:06]} 5. d3 {[%clk 01:24:15]} {[%emt 00:03:27]}
O-O {[%clk 01:21:12]} {[%emt 00:03:51]} 6. O-O {[%clk 01:21:24]} {[%emt
00:03:21]} d5 {[%clk 01:13:30]} {[%emt 00:07:56]} 7. exd5 {[%clk 01:18:26]}
{[%emt 00:03:44]} Nxd5 {[%clk 01:11:25]} {[%emt 00:02:35]} 8. Nbd2 {[%clk
01:05:25]} {[%emt 00:13:28]} Nb6 {[%clk 00:59:03]} {[%emt 00:12:55]} 9. Bb5
{[%clk 00:59:04]} {[%emt 00:06:50]} Bg4 {[%clk 00:55:59]} {[%emt 00:03:35]} 10.
Nb3 {[%clk 00:55:05]} {[%emt 00:04:29]} Bd6 {[%clk 00:46:44]} {[%emt 00:09:46]}
11. h3 {[%clk 00:44:46]} {[%emt 00:10:47]} Bd7 {[%clk 00:34:10]} {[%emt
00:13:06]} 12. Be3 {[%clk 00:34:09]} {[%emt 00:11:07]} a6 {[%clk 00:16:57]}
{[%emt 00:17:42]} 13. Bxb6 {[%clk 00:15:29]} {[%emt 00:19:10]} axb5 {[%clk
00:09:39]} {[%emt 00:07:48]} 14. Bc5 {[%clk 00:09:40]} {[%emt 00:06:18]} Bxc5
{[%clk 00:07:22]} {[%emt 00:02:48]} 15. Nxc5 {[%clk 00:07:24]} {[%emt
00:02:46]} b6 {[%clk 00:06:32]} {[%emt 00:01:20]} 16. Nxd7 {[%clk 00:04:22]}
{[%emt 00:03:32]} Qxd7 {[%clk 00:06:56]} {[%emt 00:00:06]} 17. Re1 {[%clk
00:02:46]} {[%emt 00:02:06]} Rfe8 {[%clk 00:06:45]} {[%emt 00:00:40]} 0-1